|
|
|
|
| LEADER |
01166nam a2200301 4500 |
| 001 |
36310 |
| 003 |
BD-DhAAL |
| 005 |
20211206115927.0 |
| 008 |
200216t1974 nyua b 001 0 eng d |
| 999 |
|
|
|c 42219
|d 42219
|
| 010 |
|
|
|a 73018019
|
| 020 |
|
|
|a 0070594503
|
| 040 |
|
|
|a DLC
|c DLC
|d DLC
|d BD-DhAAL
|
| 050 |
0 |
0 |
|a LB1051
|b .S635
|
| 082 |
0 |
0 |
|a 370.152
|
| 100 |
1 |
|
|a Snelbecker, Glenn E.,
|d 1931-
|9 39297
|
| 245 |
1 |
0 |
|a Learning theory, instructional theory, and psychoeducational design /
|c Glenn E. Snelbecker.
|
| 260 |
|
|
|a New York :
|b McGraw-Hill,
|c c1974
|
| 300 |
|
|
|a xvi, 527 pages :
|b illustrations ;
|c 24 cm.
|
| 350 |
|
|
|a $10.95
|
| 504 |
|
|
|a Includes bibliographical references (pages 501-515) and index.
|
| 526 |
|
|
|a BIED
|
| 541 |
|
|
|a Complimentary copy from BIED
|e 36310
|
| 650 |
|
0 |
|a Educational psychology.
|9 39298
|
| 650 |
|
0 |
|a Learning, Psychology of.
|9 39299
|
| 852 |
|
|
|a Ayesha Abed Library
|c BIED Collection
|
| 942 |
|
|
|2 ddc
|c BK
|
| 952 |
|
|
|0 0
|1 0
|2 ddc
|4 0
|6 370_152000000000000_SNE
|7 0
|9 67974
|a BRACUL
|b BRACUL
|c GEN
|d 2020-02-16
|e Complimentary copy from BIED
|l 0
|o 370.152 SNE
|p 3010036310
|r 2020-02-16
|t 1
|w 2020-02-16
|y BK
|x Transferred from BIED to General Stacks
|